000
00249nam a2200097Ia 4500
001
725219
005
20250826163405.0
008
250824s9999 xx 000 0 und d
245
0
_a
ZAMANDA KIVRILMA
_c
MADELEINE LENGLE
260
_b
BEYAZ BALİNA YAYINLARI
999
_c
725219
_d
725219